00509 2200193 4500001002100000005001500021008004100036020001500077035001900092041000700111082001000118090001600128100002000144700002300164245005700187260003200244300002600276650001300302INLIS00000000000662920241224113325241224||||||||| | ||| |||| || |  a9794191930 0010-1224006629 aid0 a920.7 a920.7 MIC s0 aMichael H. Hart0 aH. Mahmub Djunaidi00aSeratus Tokoh yangt Paling Berpangaruh dalam Sejarah aJakartabPustaka Jayac1995 a516 hlm.; ilus; 19 cm 0aBiografi